000 00638nam a2200253Ia 4500
005 20250425162158.0
008 250425s9999 xx 000 0 und d
020 _a8477384193
041 _aspa
043 _asp
082 _a658.048
100 _aDORADO, JOSE ANTONIO
245 0 _aORGANIZACION Y CONTROL DE EMPRESAS EN HOSTELERIA Y TURISMO
250 _a1A ED.
260 _aEspaƱa
_bSINTESIS
_c1996
260 _aMADRID
300 _a252
650 _aORGANIZACIONES EMPRESARIALES
650 _aPLANIFICACION ESTRATEGICA
650 _aTURISMO
650 _aTURISMO-ADMINISTRACION
942 _c01
010 _a54459
999 _c223912
_d223912